| 000 | 00880nam a2200253 i 4500 | ||
|---|---|---|---|
| 001 | bg | ||
| 245 | 0 | 0 |
_aBiochemia kręgowców : _bpraca zbiorowa / _cpod red. Wacława Minakowskiego i Stanisława Weidnera ; [w nowym oprac. brali udział Krzysztof Kulka et al.]. |
| 260 |
_aWarszawa : _bWydaw. Naukowe PWN, _c1998. |
||
| 300 |
_a927, [1] s. : _brys., wykr. ; _c25 cm. |
||
| 504 | _aBibliogr. przy rozdz. - Indeks. | ||
| 650 | 9 |
_aKręgowce _xbiochemia |
|
| 655 | _aPodręczniki akademickie | ||
| 700 | 1 |
_aMINAKOWSKI, Wacław. _eRed. |
|
| 700 | 1 |
_aWEIDNER, Stanisław. _eRed. |
|
| 700 | 1 | _aKULKA, Krzysztof. | |
| 020 | _a8301126043 | ||
| 040 | _cBPK | ||
| 041 | 0 | _apl | |
| 080 | _a597/599-11::577.1(075.8) | ||
| 920 | _a83-01-12604-3 | ||
| 942 | _cKS | ||
| 008 | s pl f |000 0 pol | ||
| 999 |
_c39091 _d39091 |
||
| 856 |
_uhttp://koha.tu.koszalin.pl/cgi-bin/koha/opac-detail.pl?biblionumber=39091 _yKatalog online BPK |
||